000 00610nam a2200181Ia 4500
003 GCL
008 140319s9999 xx 000 0 ara d
040 _aGCL /
_cGCL
082 0 4 _a001.6424
_bم س
100 1 _aمحمد جمال احمد قبيعة
245 1 0 _a72 ساعة من التطبيق فى نظام التشغيل دوس /
_cمحمد جمال احمد قبيعة
300 _a130 ص
490 _aسلاسل سوفنير
_v0
650 0 4 _aالحاسبات الالكترونية
650 0 4 _aالحاسبات الالكترونية - برامج
650 0 4 _aدوس DOS 6.2
942 _2ddc
_cBK
999 _c44882
_d44882